Представление документа в формате MARC21

Поле Инд. ПП Название Значение
Тип записи a
Библиографический уровень m
001 Контрольный номер RU/IS/BASE/612289392
005 Дата корректировки 20230517125036.3
097 b Оператор *Ольга*
245 10 a Заглавие Тезисы лекций дисциплины "Производственный менеджмент" направления подготовки 23.05.01 Наземные транспортно-технологические средства. Специализация: Технические средства природообустройства и защиты в чрезвычайных ситуациях
b Продолж. заглавия в составе учебно-методического комплекса
c Ответственность Каф. Менеджмент
c Ответственность сост. С.Ю. Осипов
260 a Место издания Тверь
b Издательство ТвГТУ
c Дата издания 2016
440 a Серия УМК-Л
500 a Примечание 12/2019
516 a Прим. о типе комп. файла/ данных Текст : электронный
535 a Хранилище Сервер
653 a Ключевые слова Производственный менеджмент
655 a Жанр/ форма (устаревшее) Н
773 w Контрольный № источника 117551
900 a Имя макрообъекта 001-000134176-000000000-0000-0000-01
901 t Тип документа m
905 a Дата создания записи 27.05.19
922 c Кафедра Менеджмент
951 i EL-ТГТУ? Да
952 g 1
990 j Количество экземпляров (DOS) 1